| 000 | 00546nam a2200181Ia 4500 | ||
|---|---|---|---|
| 005 | 20250508162358.0 | ||
| 008 | 008 250505s9999 xx 000 0 eng d | ||
| 037 | _aTextual | ||
| 040 |
_aFEDL _beng _cFEDL |
||
| 041 |
_aeng _2eng |
||
| 084 |
_a368, DES _qFEDL |
||
| 100 |
_aDesai G. R. _9295470 |
||
| 245 | 0 | _aLife insurance in India : Its history and dimensions of growth | |
| 260 |
_aDelhi, India _bThe Macmillan Company of India Limited _c1973 |
||
| 300 | _axv,162p. | ||
| 942 |
_cTEXL _h368, DES |
||
| 999 |
_c1376180 _d1376180 |
||